Trends in public/private sector partnerships (Record no. 65744)
[ view plain ]
| 000 -LEADER | |
|---|---|
| fixed length control field | 01447cam a2200241 4500 |
| 001 - CONTROL NUMBER | |
| control field | ABS63310 |
| 008 - FIXED-LENGTH DATA ELEMENTS--GENERAL INFORMATION | |
| fixed length control field | 000000n2000 000 0 eng u |
| 035 ## - SYSTEM CONTROL NUMBER | |
| System control number | (Sirsi) u110249 |
| 100 ## - MAIN ENTRY--PERSONAL NAME | |
| Personal name | Simmonds, B |
| 245 ## - TITLE STATEMENT | |
| Title | Trends in public/private sector partnerships |
| 260 ## - PUBLICATION, DISTRIBUTION, ETC. | |
| Date of publication, distribution, etc. | 2000 |
| 490 ## - SERIES STATEMENT | |
| Series statement | Journal of Leisure Property |
| Volume/sequential designation | 1(1) December 2000, 66-74(9) |
| 520 ## - SUMMARY, ETC. | |
| Summary, etc. | Examines the development of partnerships in the sport and leisure sector, in view of the government's emphasis on PPPs. PFI has been used for few leisure projects and some consultants are looking towards design, build, finance and operate. The evolution of CCT into 'best value' has made partnerships with the private sector more flexible; operators are prepared to invest major capital into local authority facilities in return for longer leases. The growth in private sector investment in health and leisure clubs will provide competition with local authorities. Local authorities have reducing capital and revenue funding available for sport and leisure but the article ends with the question of whether sport and leisure in the future will only be for those who can afford to pay. |
| 590 ## - LOCAL NOTE (RLIN) | |
| Local note | ABS |
| 650 ## - SUBJECT ADDED ENTRY--TOPICAL TERM | |
| Topical term or geographic name entry element | LEISURE SECTOR |
| 650 ## - SUBJECT ADDED ENTRY--TOPICAL TERM | |
| Topical term or geographic name entry element | SPORT |
| 650 ## - SUBJECT ADDED ENTRY--TOPICAL TERM | |
| Topical term or geographic name entry element | LEISURE DEVELOPMENT |
| 650 ## - SUBJECT ADDED ENTRY--TOPICAL TERM | |
| Topical term or geographic name entry element | PUBLIC PRIVATE PARTNERSHIPS |
| 650 ## - SUBJECT ADDED ENTRY--TOPICAL TERM | |
| Topical term or geographic name entry element | PUBLIC SECTOR |
| 650 ## - SUBJECT ADDED ENTRY--TOPICAL TERM | |
| Topical term or geographic name entry element | PRIVATE SECTOR |
| 690 ## - LOCAL SUBJECT ADDED ENTRY--TOPICAL TERM (OCLC, RLIN) | |
| Topical term or geographic name as entry element | MANAGEMENT-BUSINESS MANAGEMENT-FINANCIAL MANAGEMENT |
| 942 ## - ADDED ENTRY ELEMENTS (KOHA) | |
| Suppress in OPAC | 0 |
| Withdrawn status | Lost status | Source of classification or shelving scheme | Damaged status | Not for loan | Home library | Current library | Shelving location | Date acquired | Total Checkouts | Full call number | Barcode | Date last seen | Copy number | Price effective from | Koha item type |
|---|---|---|---|---|---|---|---|---|---|---|---|---|---|---|---|
| Dewey Decimal Classification | London | London | Journal article | 09/01/2001 | ABS63310 | 110249-1001 | 06/08/2019 | 1 | 06/08/2019 | Journal article |